000 00556nam a2200181Ia 4500
005 20250423100105.0
008 250422s9999 xx 000 0 und d
020 _a9781586850777
050 _aHF 5549.5.I5 .G67/
100 _aGostick, Adrian Robert.
245 0 _aManaging with carrots : using recognition to attract and retain the best people
260 _aSalt Lake City
260 _bGibbs Smith, publisher
260 _c2001
300 _a111 p
650 _aIncentive awards--United States. Employee retention--United States.
942 _cBK
999 _c32257
_d32257